| 000 | 00723nam a2200229 a 4500 | ||
|---|---|---|---|
| 001 | 000033329 | ||
| 003 | DO-SdBNP | ||
| 005 | 20240925131840.0 | ||
| 007 | ta | ||
| 008 | 110824s1933 dr 000 0 spa d | ||
| 040 |
_aDO-SdBNP _bspa _cBNPHU _erda |
||
| 082 | 4 | _222 | |
| 100 | 1 |
_aFiallo, Fabio, _d1866-1942 _934816 |
|
| 245 | 1 | 0 |
_aFiori di una vita : _btraduzione dallo spagnuolo e riduzione italiana di Franco Baglioni / _cFabio Fiallo. |
| 264 |
_aTorino : _bG.B. Paravia & c., _c1933. |
||
| 300 |
_axiv,70 páginas ; _c24 cm. |
||
| 336 |
_2rdacontent _atexto _btxt |
||
| 337 |
_2rdamedia _asin mediación _bn |
||
| 338 |
_2rdacarrier _avolumen _bnc |
||
| 700 | 1 |
_aBaglioni, Franco, _etraducción _958921 |
|
| 942 |
_2ddc _cLBS1 |
||
| 999 |
_c32820 _d32820 |
||